000 00601nam a22002657a 4500
003 UA-OsUOA
001 26321
007 ta
008 20040526b un ||||| |||| 00| 0 ukr d
100 _aАбдрушевич О.
700 _aБорисюк О.
700 _aМатвієнко О.
090 _a821.161.2
_bС59
942 _cBK
040 _aUA-OsUOA
_bukr
_cUA-OsUOA
_dUA-OsUOA
245 _aСокровенне
300 _a47 с.
955 _a3
041 _aukr
080 _a821.161.2
260 _aОстрог
_c2003
044 _aUA
650 7 _2UDC
999 _c312641
_d312641